000 00211nam a2200097Ia 4500
008 190216s9999||||xx |||||||||||||| ||und||
100 _aMrc
245 0 _aKinaviloru Yathra
260 _bCurrent Books
942 _cBK
999 _c15162
_d15162